000 00750cam a2200193 4500
008 000000n2000 000 0 eng u
035 _a(Sirsi) u107270
245 _aUp the e-revolution!
260 _c2000
490 _aContract Journal
_v(404)6286 19 July 2000, 9(1)
520 _aE-commerce is a business must for all companies involved in the construction industry according to the president of the Construction Products Association. Reviews the pros and cons of internet trading and examines the main constraints.
590 _aWB
650 _aE-COMMERCE
650 _aINTERNET TRADING
650 _aCONSTRUCTION INDUSTRY
650 _aBUILT ENVIRONMENT-BUILDING MATERIALS
690 _aINFORMATION TECHNOLOGY-INTERNET
942 _n0
999 _c64134
_d64134